000 01760cam a2200349 a 4500
003 OSt
005 20200812102952.0
008 061026s2005 ck ad r 000 0 spa d
020 _a9583380822
040 _cCO-JMCR
041 0 _aspa
082 0 4 _a363.2309861 /
_bC335s
_2213
100 1 _aCasasDupuy, Pablo,
_eautor
_98633
245 1 0 _aSeguridad urbana y policía en Colombia /
_cPablo Casas Dupuy, Ángela Rivas Gamboa, Paola González Cepero, Hugo Acero Velásquez
250 _aPrimera edición
260 _a[Bogotá] :
_bFundación Seguridad y Democracia,
_c2005.
300 _a289 páginas :
_bilustraciones, gráficos ;
_c22 cm.
500 _aIncluye notas a pie de páginas.
504 _aBibliografía: páginas 288-289.
505 0 _aReformas y contrarreformas en la policía colombiana
_rPablo Casas Dupuy
505 0 _aUna década de políticas de seguridad ciudadana en Colombia
_rÁngela Rivas Gamboa
505 0 _aLos gobiernos locales y la seguridad ciudadana
_rHugo Acero Velásquez
505 0 _aPolíticas de seguridad y reducción del homicidio en Bogotá: mito y realidad
_rPablo Casas Dupuy
_rPaola González Cepero
520 0 _aLa inseguridad a restringido el espacio y el tiempo de la vida urbana en Colombia. Esto ha deteriorado la calidad de vida de los habitantes de nuestras ciudades. Muchas zonas de las urbes se han convertido en sitios peligrosos, inaccesibles incluso para las autoridades.
650 2 4 _2Prevención del delito
_zColombia
_98634
650 2 4 _2Policía
_zColombia
_98634
650 2 4 _2Prevención del crimen
700 1 _aRivas Gamboa, Ángela,
_eautora
_98635
700 1 _aGonzález Cepero, Paola,
_eautora
_98636
700 1 _aAcero Velásquez, Hugo,
_eautor
_98637
942 _2ddc
_cBK
999 _c6787
_d6787